| 000 | 00929nam a2200253Ia 4500 | ||
|---|---|---|---|
| 003 | OSt | ||
| 005 | 20220923223449.0 | ||
| 006 | a|||||r|||| 00| 0 | ||
| 007 | ta | ||
| 008 | 220922b |||||||| |||| 00| 0 kan d | ||
| 024 | _a216,670 | ||
| 037 | _cTextual | ||
| 040 |
_aARTS _cARTS _bkan |
||
| 041 |
_2kan _akan |
||
| 082 | _aO33,2N38,YA, 152P0 | ||
| 100 |
_aकर्नाड, गिरीश; नारायण, बी. आर., अनु. _9167446 |
||
| 245 | 0 | _aययाति, अनु बी आर नारायण | |
| 246 | _aYayāti, anu bī ār nārāyaṇa | ||
| 260 |
_aदिल्ली _b राधाकृष्ण _c2001 |
||
| 300 |
_a91पृ _ccm. |
||
| 650 |
_aकन्नड़ साहित्य _9156264 |
||
| 942 |
_hO33,2N38,YA, 152P0 _cTEXL _2CC |
||
| 999 |
_c365506 _d365506 |
||